Sklářské stroje, Liberec 13.-14.10.1981.

Saved in:
Bibliographic Details
Format: Book
Language:Czech
Published: Ústí nad Labem : Dům techniky Československé vědeckotechnické společnosti, 1981.
Edition:1. vyd.
ISBN: (brož.)
Physical Description: 137 s.
Tags: Add Tag
No Tags, Be the first to tag this record!

MARC

LEADER 00000nam a2200000 a 4500
001 000213721
005 20091215145527.0
008 040101s1981 xr e czeo
020 |a (brož.) 
040 |a SVKKK  |b slo  |c SVKKK  |e AACR2 
041 0 |a cze 
044 |a xr  |c SK 
245 0 0 |a Sklářské stroje, Liberec 13.-14.10.1981. 
250 |a 1. vyd. 
260 |a Ústí nad Labem :  |b Dům techniky Československé vědeckotechnické společnosti,  |c 1981. 
300 |a 137 s. 
910 |a svkkk 
998 |a BK 
090 |g SCKHL  |k Sklad Pribinova 2. posch.  |a II.270131  |j 646613  |i 213721-10  |s Absenčne